• 首页
  • 本馆介绍
  • 公告通知
  • 最新文献
  • 馆藏检索
  • 电子资源
  • 读者导购
  • 参考咨询
  • 我的图书馆
  • 登录
  • 详细信息显示
  • 放入我的书架
  • 预约/预借图书
  • 作者相关作品
  • 分类相关作品
  • 丛书相关作品
  • 出版社相关作品

书目信息

  • 表格格式
  • 工作单格式
  • 卡片格式
题名:
银幕歌声
    
 
作者: ;人民音乐出版社 编
分册: 第三辑  
出版信息: 北京   人民音乐出版社  1980.08
页数: 76页
开本: 20cm
丛书名:
单 册:
中图分类: J642.4
科图分类:
主题词: 音乐--作品--中国
电子资源:
ISBN:
000 00518nam0 2200181 45
001 0312221749
005 20060526092637.20
010    @dCNY0.23
100    @a20031222d1980 km y0chiy0120 ea
101    @achi
200 1  @a银幕歌声@Ayin mu ge sheng@h第三辑@f人民音乐出版社编@FRen Min Yin Yue Chu Ban She Bian
210    @a北京@c人民音乐出版社@d1980.08
215    @a76页@d20cm
606 0  @a音乐@x作品@x中国
690    @aJ642.4@v3
711 0  @a人民音乐出版社@4编
801    @aCN@bTSTCL@c20060526
905    @a213230@dJ642.4@e41:3
    
    银幕歌声.第三辑/人民音乐出版社编.-北京:人民音乐出版社,1980.08
    76页;20cm
    
    
    ISBN :CNY0.23
    
●
相关链接 在E读中查询图书 在五车中查询图书 在当当中查询图书 在豆瓣中查询图书


正题名:银幕歌声     索取号:J642.4/41:3         预约/预借

序号 登录号 条形码 馆藏地/架位号 状态 备注
1 0034744   202288443   密集书库/ [索取号:J642.4/41:3] 在馆    
2 0034745   202380486   密集书库/ [索取号:J642.4/41:3] 在馆    
3 0034746   202380459   密集书库/ [索取号:J642.4/41:3] 在馆    
唐山师范学院图书馆 欢迎您!
大连网信软件有限公司© 版权所有